Normal view
MARC view
- Social prediction
Entry Topical Term
001 - CONTROL NUMBER
- control field: 5032
003 - CONTROL NUMBER IDENTIFIER
- control field: KE-NaSUL
005 - DATE AND TIME OF LATEST TRANSACTION
- control field: 20250825135348.0
008 - FIXED-LENGTH DATA ELEMENTS
- fixed length control field: 250825|| aca||aabn | a|a d
040 ## - CATALOGING SOURCE
- Original cataloging agency: KE-NaSUL
- Transcribing agency: KE-NaSUL
150 ## - HEADING--TOPICAL TERM
- Topical term or geographic name as entry element: Social prediction
670 ## - SOURCE DATA FOUND
- Source citation: Work cat.: (KE-NaSUL)2500: Naisbitt, J. 5030, Megatrends, ten new directions transforming our lives, 1982